| 000 | 00604nam a2200217 a 4500 | ||
|---|---|---|---|
| 001 | 000028104 | ||
| 003 | DO-SdBNP | ||
| 005 | 20230111095820.0 | ||
| 007 | ta | ||
| 008 | 110406s1994 dr 000 | spa d | ||
| 040 |
_aDO-SdBNP _bspa _cBNPHU |
||
| 049 | _aBNPD | ||
| 082 | 4 |
_bP645e _222 |
|
| 100 | 1 |
_aPina Acevedo M., Ramón _955114 |
|
| 245 | 1 | 0 |
_aEn defensa del patrimonio del estado / _cRamón Pina Acevedo M. |
| 260 |
_aSanto Domingo : _bTaller, _c1994. |
||
| 300 |
_a157 p. ; _c22 cm. |
||
| 500 | _aIncluye notas al pie de las páginas. | ||
| 590 | _aInventariado, 2023/BT | ||
| 942 |
_2ddc _cLBS1 |
||
| 999 |
_c27596 _d27596 |
||